"Szép bajaik a régi időknek" a cenzúra szorításában
Elmentve itt :
| Szerző: | |
|---|---|
| Adatforrás: | Meister |
| Forrásdokumentuma: | Látó. - 11 sz., 1991, 1306 p. |
| Nyelv: | magyar |
| Kulcsszavak: | irodalomtörténet cenzúra |
| LEADER | 00377nab a2200133 i 4500 | ||
|---|---|---|---|
| 001 | bibPRO00010045 | ||
| 008 | 060524s1991 xx hun | ||
| 040 | |a Sz1 | ||
| 041 | |a hun | ||
| 100 | 1 | |a OROSZ László | |
| 245 | 1 | 1 | |a "Szép bajaik a régi időknek" a cenzúra szorításában |c OROSZ László |
| 695 | |a irodalomtörténet | ||
| 695 | |a cenzúra | ||
| 773 | 0 | |t Látó. - |g 11 sz., 1991, 1306 p. | |